| 000 | 00729nam a2200217Ii 4500 | ||
|---|---|---|---|
| 003 | JO-AjNU | ||
| 008 | 230605s9999||||xx |||||||||||||| ||und|| | ||
| 017 | _a25/2533 | ||
| 020 | _a977-05-0282-0 | ||
| 040 |
_aJO-AjNU _bara _erda _cJO-AjNU |
||
| 041 | _aara | ||
| 050 | 1 | 4 | _aLB1015.553 1985 |
| 100 | 3 |
_aالشرقاوي،أنور محمد, _eauthor _910700 |
|
| 245 | 0 | 0 | _aسيكولوجية التعليم : أبحاث و دراسات، ج1 |
| 264 | 3 | 1 | _aالقاهرة:مكتبة الأنجلو المصرية،1985 |
| 300 | _aج1، 242ص | ||
| 336 |
_atext _btxt _2rdacontent |
||
| 337 |
_aunmediated _bn _2rdamedia |
||
| 338 |
_avolume _bnc _2rdacarrier |
||
| 650 | 4 |
_aعلم النفس التربوي-التعلم _910701 |
|
| 999 |
_aA1941 _c5509 _d5509 |
||